Разработка дистанционной диагностики линейной изоляции контактной сети железнодорожного транспорта: диссертация на соискание ученой степени кандидата технических наук; Спец. 05.14.12

Библиографические подробности
Главный автор: Куценко С. М. Сергей Михайлович
Автор-организация: Иркутский государственный университет путей сообщения
Другие авторы: Климов Н. Н. Николай Николаевич (научный руководитель)
Язык:русский
Опубликовано: Томск, [Б. и.], 2006
Предметы:
Формат: MixedMaterials Книга
Запись в KOHA:https://koha.lib.tpu.ru/cgi-bin/koha/opac-detail.pl?biblionumber=107663

MARC

LEADER 00000nbm0a2200000 4500
001 107663
005 20231101214740.0
035 |a (RuTPU)RU\TPU\book\116226 
090 |a 107663 
100 |a 20061227j20061218k y0rusy50 ca 
101 0 |a rus 
102 |a RU 
105 |a a m 001zy 
200 1 |a Разработка дистанционной диагностики линейной изоляции контактной сети железнодорожного транспорта  |e диссертация на соискание ученой степени кандидата технических наук  |e Спец. 05.14.12  |f С. М. Куценко  |g Иркутский государственный университет путей сообщения; науч. рук. Н. Н. Климов 
210 |a Томск  |c [Б. и.]  |d 2006 
215 |a 142 л.  |c ил. 
229 |a Защищена 18.12.2006 г. 
320 |a Библиогр.: с. 117-135 (170 назв.). 
610 1 |a железнодорожный транспорт 
610 1 |a высоковольтная изоляция 
610 1 |a диагностика 
610 1 |a контактные сети 
610 1 |a контактные провода 
610 1 |a фарфоровые изоляторы 
610 1 |a частичные разряды 
610 1 |a электромагнитные поля 
610 1 |a акустические поля 
610 1 |a линейная изоляция 
610 1 |a диссертации 
675 |a 621.332(04)  |v 3 
686 |a 05.14.12  |2 oksvnk 
700 1 |a Куценко  |b С. М.  |g Сергей Михайлович 
702 1 |a Климов  |b Н. Н.  |g Николай Николаевич  |4 727 
712 0 2 |a Иркутский государственный университет путей сообщения  |2 stltpush  |3 (RuTPU)RU\TPU\col\10516  |9 24862 
801 1 |a RU  |b 63413507  |c 20061227  |g PSBO 
801 2 |a RU  |b 63413507  |c 20070131  |g PSBO 
942 |c BK